[Event "Zhukovsky op 04"]
[White "Leschenko, Wjatcheslaw"]
[Black "Razmyslov, Vladimir"]
[Site "Zhukovsky"]
[Round "5"]
[Result "0-1"]
[Date "2014.??.??"]
[WhiteElo "1648"]
[BlackElo "1344"]
[PlyCount "62"]
[EventDate "2014.04.??"]
[EventType "swiss"]
[EventRounds "9"]
[EventCountry "RUS"]
[SourceTitle "EXT 2016"]
[Source "ChessBase"]
[SourceDate "2015.10.08"]
[SourceVersion "1"]
[SourceVersionDate "2015.10.08"]
[SourceQuality "1"]

1. Nf3 Nf6 2. c4 e6 3. a3 d5 4. e3 Bd6 5. Nc3 c6 6. b3 Nbd7 7. Bb2 e5 8. g3 e4 9. Nd4 Ne5 10. Be2 Bg4 11. f3 exf3 12. Nxf3 Bxf3 13. Bxf3 Nd3+ 14. Ke2 Nxb2 15. Qc2 Nxc4 16. bxc4 dxc4 17. Ne4 Qe7 18. Qxc4 0-0 19. Nxd6 Qxd6 20. a4 Rfd8 21. d4 Rd7 22. Kf2 Re8 23. Rhe1 Ne4+ 24. Ke2 Qh6 25. Bxe4 Rxe4 26. Kd3 Rde7 27. Ra2 Rxe3+ 28. Rxe3 Rxe3+ 29. Kc2 Qxh2+ 30. Kd1 Qg1+ 31. Kc2 Qf2+ 0-1

[Event "Zhukovsky Winter op"]
[White "Razmyslov, Vladimir"]
[Black "Leschenko, Wjatcheslaw"]
[Site "Zhukovsky"]
[Round "4"]
[Result "0-1"]
[Date "2014.??.??"]
[WhiteElo "1344"]
[BlackElo "1648"]
[PlyCount "68"]
[EventDate "2014.11.22"]
[EventType "swiss"]
[EventRounds "9"]
[EventCountry "RUS"]
[SourceTitle "EXT 2016"]
[Source "ChessBase"]
[SourceDate "2015.10.08"]
[SourceVersion "1"]
[SourceVersionDate "2015.10.08"]
[SourceQuality "1"]

1. e4 d6 2. Bc4 Nf6 3. Nc3 c6 4. d3 g6 5. Be3 Bg7 6. Nge2 Ng4 7. Bd2 Nd7 8. Qc1 Qb6 9. 0-0 h5 10. Na4 Qc7 11. h3 Ngf6 12. Nac3 b5 13. Bb3 a5 14. a4 b4 15. Nd1 Ba6 16. f4 Nxe4 17. Be3 f5 18. Bd4 Nef6 19. c4 c5 20. Bf2 Bb7 21. Be3 h4 22. Qd2 Qc6 23. Nc1 Nh5 24. Rf3 Ndf6 25. Ne2 0-0-0 26. Nf2 Qe8 27. d4 Bxf3 28. gxf3 Ng3 29. Kg2 Nxe2 30. Qxe2 Nh5 31. Rd1 Qc6 32. d5 Qc7 33. Nh1 Bd4 34. Bxd4 Nxf4+ 0-1

[Event "Zhukovsky-A 02"]
[White "Leschenko, Wjatcheslaw"]
[Black "Skibinskaya, Nadezhda"]
[Site "Zhukovsky"]
[Round "8"]
[Result "1-0"]
[Date "2011.02.09"]
[WhiteElo "1649"]
[BlackElo "1512"]
[PlyCount "95"]
[EventDate "2011.02.09"]
[EventType "swiss"]
[EventRounds "9"]
[EventCountry "RUS"]
[SourceTitle "EXT 2022"]
[Source "ChessBase"]
[SourceDate "2021.10.06"]
[SourceVersion "1"]
[SourceVersionDate "2021.10.06"]
[SourceQuality "1"]

1. Nf3 d5 2. c3 Nc6 3. d3 Nf6 4. Bf4 h6 5. Nbd2 Nh5 6. Be5 Nxe5 7. Nxe5 Nf6 8. Qa4+ Nd7 9. f4 c6 10. Nef3 e6 11. g3 Be7 12. h4 Qb6 13. Qc2 Nf6 14. Bh3 Nh5 15. Nf1 Bc5 16. d4 Bd6 17. Ne5 c5 18. e3 Nf6 19. Nd2 Nd7 20. Bxe6 Nxe5 21. Bxc8 Rxc8 22. fxe5 Be7 23. g4 a6 24. Nf3 Qe6 25. Qf5 Rc6 26. Qxe6 Rxe6 27. 0-0-0 Rc6 28. Kc2 f6 29. dxc5 Rxc5 30. exf6 Bxf6 31. Nd4 Kf7 32. Rhf1 Kg6 33. Ne6 Rc4 34. h5+ Kh7 35. Nf4 Rd8 36. Rxd5 Rxd5 37. Nxd5 Rxg4 38. Nxf6+ gxf6 39. Rxf6 Rg5 40. Rf7+ Kg8 41. Rxb7 Rxh5 42. Kd3 Rh1 43. c4 h5 44. Rb6 h4 45. Rxa6 h3 46. Ke4 h2 47. Rh6 Kg7 48. Rh3 1-0

[Event "Zhukovsky op-B 05"]
[White "Migur, Dmitriy"]
[Black "Leschenko, Wjatcheslaw"]
[Site "Zhukovsky"]
[Round "1"]
[Result "0-1"]
[Date "2010.05.14"]
[WhiteElo "1551"]
[BlackElo "1625"]
[PlyCount "54"]
[EventDate "2010.05.14"]
[EventType "swiss"]
[EventRounds "9"]
[EventCountry "RUS"]
[SourceTitle "EXT 2022"]
[Source "ChessBase"]
[SourceDate "2021.10.06"]
[SourceVersion "1"]
[SourceVersionDate "2021.10.06"]
[SourceQuality "1"]

1. e4 c6 2. d4 Qa5+ 3. Bd2 Qb6 4. Bc3 d5 5. Nd2 g6 6. b3 Bg7 7. Ngf3 Bg4 8. Bd3 Nd7 9. exd5 cxd5 10. h3 Be6 11. 0-0 h6 12. Re1 g5 13. Bb2 g4 14. hxg4 Bxg4 15. c4 Ngf6 16. Qe2 Bf8 17. Ba3 0-0-0 18. Rac1 Kb8 19. Bxe7 Re8 20. c5 Qc6 21. Bd6+ Bxd6 22. cxd6 Rxe2 23. Rxc6 Rxe1+ 24. Nxe1 bxc6 25. Nef3 Re8 26. Ne5 Nxe5 27. dxe5 Rxe5 0-1

[Event "Zhukovsky-chB"]
[White "Podymov, Nikolay"]
[Black "Leschenko, Wjatcheslaw"]
[Site "Zhukovsky"]
[Round "2"]
[Result "0-1"]
[Date "2010.04.01"]
[WhiteElo "1398"]
[BlackElo "1645"]
[PlyCount "90"]
[EventDate "2010.04.01"]
[EventType "swiss"]
[EventRounds "9"]
[EventCountry "RUS"]
[SourceTitle "EXT 2022"]
[Source "ChessBase"]
[SourceDate "2021.10.06"]
[SourceVersion "1"]
[SourceVersionDate "2021.10.06"]
[SourceQuality "1"]

1. e4 c6 2. Nc3 d5 3. exd5 cxd5 4. d4 Nf6 5. Nf3 Nc6 6. Ne5 Bf5 7. Bb5 Qb6 8. Bxc6+ bxc6 9. 0-0 e6 10. Na4 Qc7 11. f4 c5 12. c3 cxd4 13. Qxd4 Ne4 14. Nd3 Rc8 15. Be3 Qc4 16. Ne5 Qxd4 17. Bxd4 f6 18. Nd3 a5 19. h3 h5 20. Rfe1 Kf7 21. Nf2 Nd2 22. b3 Bd6 23. Be3 Ne4 24. Nxe4 Bxe4 25. g3 g5 26. Rf1 gxf4 27. Bxf4 e5 28. Be3 Ke6 29. a3 Rhg8 30. Kf2 Bc2 31. Rfb1 Bxb1 32. Rxb1 e4 33. Bf4 Bxa3 34. b4 d4 35. cxd4 Bxb4 36. Ke3 f5 37. Rd1 Rc2 38. d5+ Kf7 39. Kd4 Ra2 40. Nb6 Ra3 41. d6 Ke6 42. Kc4 Rc3+ 43. Kb5 Rd3 44. Ra1 e3 45. d7 e2 0-1